Statistiques concernant 30 mots en "dis"

Cliquez ici pour prendre le quiz!

Statistiques générales

  • Ce quiz a été pris 85 fois
  • Le résultat moyen est 9 sur 30

Statistiques - réponses

QuestionRéponse% Correct
On le lance en athlétismeDisque
70%
Son créateur se prénommé WaltDisney
69%
EmbrouilleDispute
66%
Pâques et pentecôte tombent desLundis
60%
Souvent utilisé en crudités, il est noir, rose, violet voir plusRadis
58%
On réappuie dessus si le courant se coupeDisjoncteur
55%
AutrefoisJadis
54%
ConversationsDiscussions
53%
On veut y monter à la finParadis
48%
Logement médiocreTaudis
44%
Synonyme de découper, on le faisait avec une souris au collègeDisséquer
35%
580 km nous sépareDistance
35%
Habitants du 59Nordistes
35%
Capitales africaines contenant cette syllabeAddis-Abeba / Mogadiscio
31%
Nom d'une personne jouant avec une raquette et un volantBadiste
30%
Maladie parasitaire tropicalePaludisme
29%
Adepte du naturismeNudisme
26%
Les Juifs ashkénazes parlent cette langueYiddish
23%
Bonus : change le i en y et trouve des pathologiesDyslexie / Dyspraxie / Dysphasie / Dysgraphie / Dysorthographie / Dyscalculique
18%
Il chante La Belle Vie en 1964Sacha Distel
16%
Site de rencontre pour plus de 50 ans (premier mot)Disons Demain
15%
Présent ou pasDisponible / Indisponible
14%
Capitale du Wisconsin ou danse en ligneMadison
13%
RécompenseDistinction
11%
Mot désignant, l'accroissement de la productivité par la réorganisation du travailFordisme
6%
Empêcher de voirDissimuler
4%
Synonyme de PénitenceDiscipline
3%
En Inde, ils sont portés au milieu du frontBindis
1%
Fait de générer des valeurs aléatoiresHasardisation
1%
Elles sont mises en avant pour inciter le consommateur a acheterMarchandises
1%

Distribution des résultats

Percentile par nombre de réponses

% des personnes avec chaque résultat

Votre développement - résultats

Vous n’avez pas pris ce quiz